JESUS. CULTURA E ATTUALITÀ CRISTIANA. NOVEMBRE 1990. UNA CHIESA NEL CUORE DEL PAPA, AFRICA. (Record n. 335458)
[ formato base ]
| 000 -LEADER | |
|---|---|
| fixed length control field | 01892nas a2200277Ia 4500 |
| 001 - CONTROL NUMBER | |
| control field | R053-S7913 |
| 003 - CONTROL NUMBER IDENTIFIER | |
| control field | IT-CnALBA |
| 008 - FIXED-LENGTH DATA ELEMENTS--GENERAL INFORMATION | |
| fixed length control field | 170116c99999999xx |||||||||||| ||und|| |
| 040 ## - CATALOGING SOURCE | |
| Original cataloging agency | IT-CnALBA |
| Transcribing agency | IT-CnALBA |
| 041 ## - LANGUAGE CODE | |
| Language code of text/sound track or separate title | ITALIANO |
| 999 ## - SYSTEM CONTROL NUMBERS (KOHA) | |
| Koha Dewey Subclass [OBSOLETE] | NO |
| 100 ## - MAIN ENTRY--PERSONAL NAME | |
| Personal name | ANDREATTA STEFANO |
| 210 ## - ABBREVIATED TITLE | |
| Abbreviated title | JESUS |
| 222 ## - KEY TITLE | |
| Key title | JESUS |
| 245 #0 - TITLE STATEMENT | |
| Title | JESUS. CULTURA E ATTUALITÀ CRISTIANA. NOVEMBRE 1990. UNA CHIESA NEL CUORE DEL PAPA, AFRICA. |
| 250 ## - EDITION STATEMENT | |
| Edition statement | 1a ed. |
| 260 ## - PUBLICATION, DISTRIBUTION, ETC. (IMPRINT) | |
| Place of publication, distribution, etc. | CINISELLO BALSAMO (MI) |
| Name of publisher, distributor, etc. | PERIODICI SAN PAOLO ED. |
| Date of publication, distribution, etc. | 1990 [1° Ed.:1990 - Ed.Ling.Originale: 1990] |
| 300 ## - PHYSICAL DESCRIPTION | |
| Extent | 114 p. |
| 310 ## - CURRENT PUBLICATION FREQUENCY | |
| Current publication frequency | MENSILE |
| 362 ## - DATES OF PUBLICATION AND/OR SEQUENTIAL DESIGNATION | |
| Dates of publication and/or sequential designation | Fascicolo: 11 / Anno: 12 (1990) |
| 500 ## - GENERAL NOTE | |
| General note | NAPOLI, SCELTA DEGLI ULTIMI. PRETI E OPERAI AL CAPOLINEA? LE TENTAZIONI DELLA CHIESA. CORRISPONDENZA CON E TRA I LETTORI. L'OPINIONE, MONTICONE A. MONDO CRISTIANO. LAVVENIMENTO, GIUSEPPE DE ROSA. PROVOCAZIONE E RISPOSTA, CHIUSANO A. BIBBIA A CONFRONTO. I OASI CENTRI A. ARTE E FEDE, TARZIA A. RAVASI GF. MORALE E COSCIENZA, SPINSANTI S. RECENSIONI, COMUIZZI A. PER UN SORRISO, GAVIDI G. PRETI SANTI PER UN SUD DIVERSO. IL CASO CRISTO. SEGRETO DI FATIMA. AMERICA LATINA, PROBLEMATICA. SUORE RUSSE E CATTOLICHE. |
| 501 ## - WITH NOTE | |
| With note | Società San Paolo EM - Piazza San Paolo, 14 - 12051 ALBA (CN) (non commercial uses only) ® Copyright 2017 |
| 520 ## - SUMMARY, ETC. | |
| Summary, etc. | NAPOLI, SCELTA DEGLI ULTIMI. PRETI E OPERAI AL CAPOLINEA? LE TENTAZIONI DELLA CHIESA. CORRISPONDENZA CON E TRA I LETTORI. L'OPINIONE, MONTICONE A. MONDO CRISTIANO. LAVVENIMENTO, GIUSEPPE DE ROSA. PROVOCAZIONE E RISPOSTA, CHIUSANO A. BIBBIA A CONFRONTO. I OASI CENTRI A. ARTE E FEDE, TARZIA A. RAVASI GF. MORALE E COSCIENZA, SPINSANTI S. RECENSIONI, COMUIZZI A. PER UN SORRISO, GAVIDI G. PRETI SANTI PER UN SUD DIVERSO. IL CASO CRISTO. SEGRETO DI FATIMA. AMERICA LATINA, PROBLEMATICA. SUORE RUSSE E CATTOLICHE. |
| 650 ## - SUBJECT ADDED ENTRY--TOPICAL TERM | |
| Topical term or geographic name as entry element | SCIENZE UMANE E RELIGIOSE |
| 942 ## - ADDED ENTRY ELEMENTS (KOHA) | |
| Koha item type | RIVISTA |
| 957 ## - | |
| -- | 1 |
| 999 ## - SYSTEM CONTROL NUMBERS (KOHA) | |
| -- | 1 |
| Withdrawn status | Lost status | Damaged status | Not for loan | Home library | Current library | Date acquired | Total Checkouts | Full call number | Date last seen | Price effective from | Koha item type | Public note |
|---|---|---|---|---|---|---|---|---|---|---|---|---|
| Buone Condizioni | Not For Loan | ALBA - Biblioteca | ALBA - Biblioteca | 16/01/2017 | R053-S7913 | 16/01/2017 | 16/01/2017 | RIVISTA | (data import: 16 gennaio 2017) - By Epidotti, Vaglietti. |